000 01553cam a2200385 i 4500
001 41514
003 Mx-PuUPA
005 20250911100002.0
008 140415s2009 mx gr 001 0 spa d
020 _a9789709442779
040 _aMx-PuUPA
_bspa
_cMx-PuUPA
_dMx-PuUPA
_erda
041 1 _aspa
_aeng
100 1 _aChesterton, G. K.,
_q(Gilbert Keith),
_d1874-1936
_eautor
_96386
245 1 3 _aLa reina de las siete espadas =
_bThe queen of seven swords /
_cGilbert K. Chesterton ; traducción, prólogo y selección de José Antonio Hernández García ; posfacio de Dale Ahlquist
246 3 1 _aThe queen of seven swords
250 _aPrimera edición
264 1 _aMéxico, D. F. :
_bEdiciones Fósforo,
_c2009
300 _a150 páginas ;
_c21 cm
336 _2rdacontent
_atexto
_btxt
337 _2rdamedia
_asin medio
_bn
338 _2rdacarrier
_avolumen
_bnc
490 0 _aColección Dos Mitades
500 _a"Seguido de una breve antología de poemas de inspiración religiosa". -- Portada.
546 _aTexto en inglés y español.
650 7 _aPoesía inglesa
_xTraducciones
_2armarc
_y1900-1945
650 7 _aPoesía inglesa
_2armarc
650 7 _aLiteratura inglesa
_ySiglo XX
_2armarc
700 1 _aHernández García, José Antonio
_etraductor
_eprologuista
_ecompilador
700 1 _aAhlquist, Dale,
_eposfacio
942 _2ddc
_cLI
_h821.912
_iC4218
999 _c41514
_d41514